| 000 | 00432nam a22001577a 4500 | ||
|---|---|---|---|
| 008 | 220528b ||||| |||| 00| 0 eng d | ||
| 020 | _a9788183420710 | ||
| 082 |
_a371.4 _bCHG |
||
| 100 | _aChaturvedi Ramesh | ||
| 245 |
_aGuidance and Counselling Techniques _b _cBy Ramesh Chaturvedi |
||
| 260 |
_aNew Delhi _bCrescent Publishing Corporation _c2013 |
||
| 300 | _a279p. | ||
| 650 | _aEDUCATION | ||
| 942 | _cBK | ||
| 999 |
_c43768 _d43768 |
||
| 041 | _aeng | ||